| 000 | 00498nam a2200181Ia 4500 | ||
|---|---|---|---|
| 008 | 230917s9999||||xx |||||||||||||| ||und|| | ||
| 020 | _cRS520 | ||
| 040 |
_e244746 _aMAIN |
||
| 041 | _aEnglish | ||
| 082 | _a647.94 A27H(3) | ||
| 100 | _aAndrews, Sudhir | ||
| 245 | 0 | _aHotel front office: A training manual | |
| 250 | _a3rd ed. | ||
| 260 |
_aChennai _bMcGraw-Hill Education (India) _c2017 |
||
| 300 | _axxxv, 348 p. | ||
| 500 | _a3006 17/01/2018 HBD18/7202 06/02/2018 IHTM (SFS) | ||
| 942 | _cBK | ||
| 999 |
_c25384 _d25384 |
||